000 00383nam a2200157Ia 4500
008 160105s9999 xx 000 0 und d
041 _afre
245 _aRésistance des matériaux
250 _a5. ed.
260 _aParis
260 _c1968
654 _xENERGIE/TORSION UTERINE/ELASTICITE/MATERIEL
942 _c09
994 _a117493
999 _c16904
_d44902